Statistiken für Bundesliga: Jüngste Spieler aller Zeiten (Top 50)

Klicken Sie hier um das Quiz zu spielen!

Allgemein

  • Dieses Quiz wurde 284 mal gespielt
    (8 seit der letzten Aktualisierung)
  • Das Durchschnittsergebnis liegt bei 9 aus 50

Antwortstatistiken

Debüt
AlterVereinSpieler% Korrekt
202017 Jahre,
3 Monate,
25 Tage
BayernJamal Musiala
88%
201117 Jahre,
3 Monate,
26 Tage
SchalkeJulian Draxler
88%
202016 Jahre,
1 Tag
DortmundYoussoufa Moukoko
88%
200917 Jahre,
5 Monate,
18 Tage
DortmundMario Götze
63%
200516 Jahre,
11 Monate,
1 Tage
DortmundNuri Sahin
63%
202017 Jahre,
15 Tage
LeverkusenFlorian Wirtz
50%
201617 Jahre,
4 Monate,
4 Tage
LeverkusenKai Havertz
50%
202217 Jahre,
3 Monate,
9 Tage
BayernMathys Tel
50%
202216 Jahre,
15 Tage
BayernPaul Wanner
50%
202017 Jahre,
2 Monate,
21 Tage
DortmundJude Bellingham
38%
201317 Jahre,
5 Monate,
11 Tage
StuttgartTimo Werner
38%
201717 Jahre,
6 Monate,
26 Tage
DortmundJadon Sancho
25%
202317 Jahre,
22 Tage
DortmundJulien Duranville
25%
202017 Jahre,
3 Monate,
22 Tage
HoffenheimMaximilian Beier
25%
201317 Jahre,
4 Monate,
29 Tage
SchalkeMax Meyer
25%
202317 Jahre,
2 Monate
BayernArijon Ibrahimovic
13%
201617 Jahre,
4 Monate,
12 Tage
DortmundChristian Pulisic
13%
202017 Jahre,
2 Monate,
5 Tage
DortmundGiovanni Reyna
13%
202116 Jahre,
9 Monate,
25 Tage
LeverkusenIker Bravo
13%
201917 Jahre,
6 Monate,
18 Tage
KölnJan Thielmann
13%
201317 Jahre,
6 Monate,
13 Tage
HamburgJonathan Tah
13%
202117 Jahre,
6 Monate,
16 Tage
HerthaLinus Gechter
13%
201117 Jahre,
5 Monate,
30 Tage
WolfsburgMaximilian Arnold
13%
202217 Jahre,
6 Monate,
14 Tage
MainzNelson Weiper
13%
202216 Jahre,
8 Monate,
19 Tage
HoffenheimTom Bischof
13%
202217 Jahre,
5 Monate,
18 Tage
DortmundTom Rothe
13%
201716 Jahre,
11 Monate,
28 Tage
KölnYann Aurel Bisseck
13%
201817 Jahre,
5 Monate,
19 Tage
StuttgartAntonis Aidonis
0%
197317 Jahre,
6 Monate,
18 Tage
SchalkeBernd Thiele
0%
198917 Jahre,
3 Monate,
30 Tage
MannheimChristian Wörns
0%
199017 Jahre,
4 Monate,
11 Tage
NürnbergChristian Wück
0%
198517 Jahre,
5 Monate,
13 Tage
BochumDirk Drescher
0%
202217 Jahre,
4 Monate,
17 Tage
BremenFabio Chiarodia
0%
198317 Jahre,
5 Monate,
22 Tage
LauternFranco Foda
0%
202317 Jahre,
5 Monate,
6 Tage
HerthaIbrahim Maza
0%
199417 Jahre,
1 Monat,
30 Tage
DortmundIbrahim Tanko
0%
201817 Jahre,
2 Monate,
27 Tage
HamburgJosha Vagnoman
0%
197617 Jahre,
26 Tage
FrankfurtJürgen Friedl
0%
200917 Jahre,
6 Monate,
26 Tage
BochumKevin Vogt
0%
200817 Jahre,
4 Monate,
14 Tage
HerthaLennart Hartmann
0%
201317 Jahre,
4 Monate,
26 Tage
LeverkusenLevin Öztunali
0%
200417 Jahre,
4 Monate,
15 Tage
DortmundMarc-Andre Kruska
0%
201317 Jahre,
3 Monate,
27 Tage
FrankfurtMarc Stendera
0%
202117 Jahre,
6 Monate,
9 Tage
StuttgartMohamed Sankoh
0%
197317 Jahre,
5 Monate,
24 Tage
SchalkeRüdiger Abramczik
0%
201817 Jahre,
7 Monate,
4 Tage
DortmundSergio Gómez
0%
202216 Jahre,
8 Monate,
22 Tage
LeipzigSidney Raebiger
0%
201817 Jahre,
3 Monate,
17 Tage
AugsburgSimon Asta
0%
197717 Jahre,
7 Monate,
5 Tage
SchalkeUwe Höfer
0%
202116 Jahre,
9 Monate,
3 Tage
LeverkusenZidan Sertdemir
0%

Verteilung der Resultate

Perzentil nach korrekt beantworteten Fragen

Anzahl Personen mit jedem Resultat

Ihre Resultats-Entwicklung

Sie haben dieses Quiz seit der letzten Aktualisierung nicht gespielt